000 00714nas a22002057i 4500
001 5776
003 OSt
005 20170126082349.0
007 tu
008 161220s xxu||||| |||| 00| 0 d
022 _a1210-0455
024 7 _a5776
_2RID
024 7 _a5776
_2RSN (alt)
040 _cOSt
245 0 0 _aPrague Economic Papers
_bQuarterly Journal of Economic Theory and Policy
260 _aPrag :
_bUniversity of Economics.
110 2 _aUniversity of Economics, Prague
866 0 _u1997/2 - 2001/3 (unvollständig)
866 0 _uBestände unvollständig<br><br>vorhanden:<br>1997/2, 4<br>1998/1-3<br>2000/1, 4<br>2001/3<br>2002/1<br>2003/1<br><br>fehlende Bestände:<br>1997/1, 3<br>1998/4<br>2000/2-3<br>2001/2, 4
942 _cJ
999 _c5513
_d5513